Logo Biblioteca

Cuentos que cuentan los indios / (Registro nro. 406)

Detalles MARC
000 -LEADER
fixed length control field 01894nam a22002897a 4500
003 - CONTROL NUMBER IDENTIFIER
control field AR-RoUNCS
005 - DATE AND TIME OF LATEST TRANSACTION
control field 20260414162149.0
007 - PHYSICAL DESCRIPTION FIXED FIELD--GENERAL INFORMATION
fixed length control field ta
008 - FIXED-LENGTH DATA ELEMENTS--GENERAL INFORMATION
fixed length control field 241213s1999 ag a||||r|||| 00| j spa d
020 ## - INTERNATIONAL STANDARD BOOK NUMBER
International Standard Book Number 9509115326
040 ## - CATALOGING SOURCE
Transcribing agency AR-RoUNCS
Language of cataloging spa
Modifying agency AR-RoUNCS
041 ## - LANGUAGE CODE
Language code of text/sound track or separate title spa
100 ## - MAIN ENTRY--PERSONAL NAME
Personal name Roldan, Gustavo
Relator term autor
245 10 - TITLE STATEMENT
Title Cuentos que cuentan los indios /
Statement of responsibility, etc. Gustavo Roldán ; ilustraciones: Luis Scafati.
250 ## - EDITION STATEMENT
Edition statement 1a ed.
260 ## - PUBLICATION, DISTRIBUTION, ETC.
Place of publication, distribution, etc. Buenos Aires :
Name of publisher, distributor, etc. Alfaguara,
Date of publication, distribution, etc. 1999.
300 ## - PHYSICAL DESCRIPTION
Extent 129 p. :
Other physical details il. byn ;
Dimensions 20 cm.
490 ## - SERIES STATEMENT
Series statement Alfaguara Juvenil
505 0# - FORMATTED CONTENTS NOTE
Formatted contents note LO QUE CUENTAN LOS TOBAS:
Miscellaneous information Esa inmensa oscuridad -- El tigre del cielo y el tigre del monte -- El origen del fuego -- El gran fuego -- El Arco Iris --Las estrellas blancas -- La Serpiente Arco Iris y las mujeres -- Dulce fue mi sueño -- Los monos -- La bruja caníbal -- Cuando llegue una paloma blanca.-
505 0# - FORMATTED CONTENTS NOTE
Formatted contents note LO QUE CUENTAN LOS MATACOS:
Miscellaneous information El origen del mundo -- Aventura de Tokwaj -- El robo del fuego -- Historia del Guayacán -- El zorro y la tigra -- Los socios sembradores. -- Cuando el tigre lo tragó al mono.-
505 0# - FORMATTED CONTENTS NOTE
Formatted contents note LO QUE CUENTAN LOS GUARANÍES:
Miscellaneous information El origen del fuego -- Tupá y Añá -- La risa y el canto -- El mono y el yaguareté -- El tigre y el tapir -- El yaguareté y el gato onza -- El grillo y el tigre -- El mono y el espantapájaros -- El mono, el hombre y el zorro -- El mono y la viejita.-
520 ## - SUMMARY, ETC.
Summary, etc. Presenta la cultura de tres importantes grupos étnicos de nuestro país: los tobas, los matacos y los guaraníes. Son cuentos que hablan de la creación y de los mitos, en un tiempo remoto en el que los animales hablaban con los hombres y los dioses participaban en asuntos de la tierra. Un libro ágil, sabio, mágico y atrapante.
650 ## - SUBJECT ADDED ENTRY--TOPICAL TERM
Source of heading or term embne
Topical term or geographic name entry element Literatura
Geographic subdivision Argentina
655 ## - INDEX TERM--GENRE/FORM
Genre/form data or focus term Fábulas
700 ## - ADDED ENTRY--PERSONAL NAME
Personal name Scafati, Luis,
Dates associated with a name 1947-
Relator term il.
942 ## - ADDED ENTRY ELEMENTS (KOHA)
Source of classification or shelving scheme Universal Decimal Classification
Koha item type Obra General
Suppress in OPAC No
Existencias
Withdrawn status Lost status Source of classification or shelving scheme Damaged status Not for loan Collection Home library Current library Date acquired Source of acquisition Total checkouts Full call number Barcode Date last seen Price effective from Koha item type
    Universal Decimal Classification     Colección General Biblioteca Escuela de Ciencias Sociales Biblioteca Escuela de Ciencias Sociales 13/12/2024 Donación 2024   82-34(82) R744 001322 13/12/2024 13/12/2024 Obra General
Biblioteca de la Escuela Preuniversitaria en Ciencias Sociales y Humanísticas.
Riobamba 250 bis.
CP 2000 - Rosario - Santa Fe
E-Mail: biblioteca@esociales.unr.edu.ar